000 00794nam a2200241Ia 4500
003 OSt
005 20221005111839.0
006 a|||||r|||| 00| 0
007 ta
008 221004b |||||||| |||| 00| 0 san d
024 _a31746
037 _cTextual
040 _aCRL
_cCRL
_bsan
041 _2san
_asan
082 _aP15,Cx,1,1,6, M6
100 _aभट्टोजी, दीक्षित
245 0 _aसिद्धान्तकौमुदी
246 _aSiddhāntakaumudī
260 _aवाराणसी
_bअरविन्दमकरन्द प्रकाशन भारत
_c1984
300 _a128पृ.
_ccm.
942 _hP15,Cx,1,1,6, M6
_cTEXL
_2cc
999 _c1023082
_d1023082